Essentials of Adult Medical Surgical Nursing-II (Record no. 367844)
[ view plain ]
| 000 -LEADER | |
|---|---|
| fixed length control field | 00481 a2200169 4500 |
| 003 - CONTROL NUMBER IDENTIFIER | |
| control field | OSt |
| 005 - DATE AND TIME OF LATEST TRANSACTION | |
| control field | 20260323142154.0 |
| 008 - FIXED-LENGTH DATA ELEMENTS--GENERAL INFORMATION | |
| fixed length control field | 260220b |||||||| |||| 00| 0 eng d |
| 020 ## - INTERNATIONAL STANDARD BOOK NUMBER | |
| International Standard Book Number | 9789356967892 |
| 100 ## - MAIN ENTRY--PERSONAL NAME | |
| Personal name | Sethi, Deepak |
| 9 (RLIN) | 213174 |
| 245 ## - TITLE STATEMENT | |
| Title | Essentials of Adult Medical Surgical Nursing-II |
| 250 ## - EDITION STATEMENT | |
| Edition statement | st Edition |
| 260 ## - PUBLICATION, DISTRIBUTION, ETC. (IMPRINT) | |
| Name of publisher, distributor, etc. | Jaypee Brothers Medical Publishers |
| Place of publication, distribution, etc. | New Delhi |
| Date of publication, distribution, etc. | 2024 |
| 300 ## - PHYSICAL DESCRIPTION | |
| Extent | XVI;282P. |
| 651 ## - SUBJECT ADDED ENTRY--GEOGRAPHIC NAME | |
| Geographic name | Medical surgical Nursing |
| 9 (RLIN) | 217211 |
| 942 ## - ADDED ENTRY ELEMENTS (KOHA) | |
| Koha item type | Books |
| Source of classification or shelving scheme | Dewey Decimal Classification |
| Withdrawn status | Lost status | Source of classification or shelving scheme | Damaged status | Not for loan | Home library | Current library | Date acquired | Vendor | Cost, normal purchase price | Total Checkouts | Full call number | Barcode | Date last seen | Cost, replacement price | Bill Date | Koha item type | Checked out | Date last checked out |
|---|---|---|---|---|---|---|---|---|---|---|---|---|---|---|---|---|---|---|
| Dewey Decimal Classification | Sitabai Nargundkar College of Nursing Nagpur | Sitabai Nargundkar College of Nursing Nagpur | 25/09/2025 | 108 | 471.25 | 610.7367 | SNCN-BK-3666 | 25/09/2025 | 725.00 | 25/09/2025 | Books | |||||||
| Dewey Decimal Classification | Sitabai Nargundkar College of Nursing Nagpur | Sitabai Nargundkar College of Nursing Nagpur | 25/09/2025 | 108 | 471.25 | 2 | 610.7367 | SNCN-BK-3663 | 17/02/2026 | 725.00 | 25/09/2025 | Books | 04/03/2026 | 17/02/2026 | ||||
| Dewey Decimal Classification | Sitabai Nargundkar College of Nursing Nagpur | Sitabai Nargundkar College of Nursing Nagpur | 25/09/2025 | 108 | 471.25 | 610.7367 | SNCN-BK-3664 | 25/09/2025 | 725.00 | 25/09/2025 | Books | |||||||
| Dewey Decimal Classification | Sitabai Nargundkar College of Nursing Nagpur | Sitabai Nargundkar College of Nursing Nagpur | 25/09/2025 | 108 | 471.25 | 1 | 610.7367 | SNCN-BK-3667 | 02/04/2026 | 725.00 | 25/09/2025 | Books | 17/04/2026 | 02/04/2026 | ||||
| Dewey Decimal Classification | Sitabai Nargundkar College of Nursing Nagpur | Sitabai Nargundkar College of Nursing Nagpur | 25/09/2025 | 108 | 471.25 | 1 | 610.7367 | SNCN-BK-3665 | 14/05/2026 | 725.00 | 25/09/2025 | Books | 29/05/2026 | 14/05/2026 |